Tiere der Antarktis - Statistiken

Allgemein
  • Dieses Quiz wurde 80 mal gespielt
  • Das Durchschnittsergebnis liegt bei 5 aus 16
Antwortstatistiken
Bildquiz Antwort % Korrekt
Kaiserpinguin
90%
Blauwal
81%
Wanderalbatros
60%
Antarktischer Krill
56%
Seeleopard
56%
Südlicher See-Elefant
53%
Eselspinguin
26%
Riesensturmvogel
19%
Adeliepinguin
18%
Zügelpinguin
15%
Südkaper
11%
Südpolarskua
11%
Weddellrobbe
11%
Südlicher Entenwal
8%
Riesen-Antarktisdorsch
6%
Krabbenfresser
5%
Keine übereinstimmenden Quizze gefunden
Verteilung der Resultate
Anzahl Personen mit jedem Resultat
Perzentil nach korrekt beantworteten Fragen
Ihre Resultats-Entwicklung
Sie haben dieses Quiz noch nicht gespielt